[Event "AUTO-INT-2616"]
[Site "http://www.queenalice.com/game.php?id=1174866"]
[Date "2013.4.24"]
[Round "1"]
[White "jcmulatinho"]
[Black "Admilton"]
[Result "0-1"]
[WhiteElo "1447"]
[BlackElo "1533"]

1. d4 d5 2. Nc3 e6 3. a3 h6 4. Nf3 c5 5. g3 Nf6 6. Bf4 c4 7. Bh3 Nbd7 8. O-O g5
9. Be5 Nxe5 10. Nxe5 Nd7 0-1

[Event "AUTO-INT-2616"]
[Site "http://www.queenalice.com/game.php?id=1174867"]
[Date "2013.4.24"]
[Round "1"]
[White "Admilton"]
[Black "jcmulatinho"]
[Result "1-0"]
[WhiteElo "1519"]
[BlackElo "1461"]

1. d4 d5 2. h3 Nf6 3. e3 Bf5 4. g4 Bd7 5. Bg2 Nc6 6. Qe2 g6 7. Bd2 e5 8. dxe5
Nxe5 9. Bc3 Qe7 10. Nf3 Nxf3+ 11. Qxf3 1-0

[Event "AUTO-INT-2616"]
[Site "http://www.queenalice.com/game.php?id=1174868"]
[Date "2013.4.24"]
[Round "1"]
[White "jcmulatinho"]
[Black "Kuroi"]
[Result "1-0"]
[WhiteElo "1434"]
[BlackElo "1243"]

1. e4 e5 2. Nc3 Nf6 3. Bc4 Nc6 4. a3 d6 5. h3 g6 6. Nf3 Bg7 7. O-O O-O 8. d3 a6
9. Be3 b5 10. Bb3 b4 11. axb4 Nxb4 12. Ng5 a5 13. d4 Ba6 14. Re1 Bb7 15. Bc4 1-0

[Event "AUTO-INT-2616"]
[Site "http://www.queenalice.com/game.php?id=1174869"]
[Date "2013.4.24"]
[Round "1"]
[White "Kuroi"]
[Black "jcmulatinho"]
[Result "0-1"]
[WhiteElo "1243"]
[BlackElo "1434"]

1. e4 Nc6 2. Nc3 e5 3. Nf3 g6 4. g3 Nf6 5. Bg2 Bc5 6. O-O b6 7. a3 O-O 8. b4 Be7
9. d3 d5 10. Ng5 dxe4 11. Bxe4 Bb7 12. Ne2 Ng4 13. Nf3 f5 14. Bxc6 Bxc6 0-1

[Event "AUTO-INT-2616"]
[Site "http://www.queenalice.com/game.php?id=1174870"]
[Date "2013.4.24"]
[Round "1"]
[White "jcmulatinho"]
[Black "sphagnis"]
[Result "0-1"]
[WhiteElo "1472"]
[BlackElo "1588"]

1. d4 d5 2. Nf3 Nc6 3. g3 e6 4. Nc3 Bb4 5. a3 Bxc3+ 6. bxc3 Nf6 7. Rb1 b6 8. Bh3
Ne4 9. O-O Nxc3 10. Qd3 Nxb1 11. Qb3 e5 12. Qxb1 Bxh3 13. Re1 exd4 0-1

[Event "AUTO-INT-2616"]
[Site "http://www.queenalice.com/game.php?id=1174871"]
[Date "2013.4.24"]
[Round "1"]
[White "sphagnis"]
[Black "jcmulatinho"]
[Result "1-0"]
[WhiteElo "1576"]
[BlackElo "1484"]

1. e4 e5 2. Bc4 Nh6 3. Qh5 g6 4. Qf3 Qe7 5. d3 Nc6 6. Be3 b6 7. Nc3 Nb4 8. Bb3
d6 9. h3 Bd7 10. a3 Nc6 11. Bd5 O-O-O 12. O-O-O f5 13. Nge2 fxe4 14. dxe4 1-0

[Event "Let's Play Chess!"]
[Site "http://www.queenalice.com/game.php?id=1313290"]
[Date "2014.10.9"]
[Round "-"]
[White "jcmulatinho"]
[Black "magalhaes_br"]
[Result "0-1"]
[WhiteElo "1442"]
[BlackElo "1382"]

1. d4 d5 2. Nf3 h6 3. e3 Bf5 4. h3 Nc6 5. Bb5 a6 6. Bxc6+ bxc6 7. Nc3 Nf6 8. b3
e6 9. O-O Bb4 10. Qd2 a5 11. a3 Bd6 0-1

[Event "Let's Play Chess!"]
[Site "http://www.queenalice.com/game.php?id=1850221"]
[Date "2025.1.12"]
[Round "-"]
[White "jcmulatinho"]
[Black "Winslow"]
[Result "1-0"]
[WhiteElo "1403"]
[BlackElo "1704"]

1. d4 g6 2. Be3 d6 3. Nf3 Bg7 4. Bd2 Nf6 5. e3 O-O 6. Bd3 Be6 7. O-O Nc6 8. c3
Qd7 9. Be1 h5 10. e4 a6 11. d5 Nxd5 12. exd5 Bxd5 13. Nh4 e5 14. c4 Be6 15. Bd2
Nd4 16. f4 f5 17. Nxg6 Rf6 18. Qxh5 Kf7 19. Nxe5+ Ke7 20. Nxd7 Kxd7 21. Bc3 c5
22. b4 Rh8 23. Qg5 Rg8 24. Bxd4 1-0

[Event "AUTO-INT-3911"]
[Site "http://www.queenalice.com/game.php?id=1850756"]
[Date "2025.1.22"]
[Round "1"]
[White "game"]
[Black "jcmulatinho"]
[Result "0-1"]
[WhiteElo "1515"]
[BlackElo "1431"]

1. d4 b6 2. Nf3 Bb7 3. e3 e6 4. Nc3 Nf6 5. e4 Bb4 6. Bd2 Bxc3 7. Bxc3 Bxe4 8.
Ng5 Bb7 9. Bc4 O-O 10. Bb4 d6 11. O-O Nd5 12. Qd2 Nxb4 13. c3 Nd5 14. Qd3 Qxg5
15. f4 Nxf4 16. Qe3 Qxg2# 0-1

[Event "AUTO-INT-3911"]
[Site "http://www.queenalice.com/game.php?id=1850757"]
[Date "2025.1.22"]
[Round "1"]
[White "jcmulatinho"]
[Black "game"]
[Result "1-0"]
[WhiteElo "1450"]
[BlackElo "1469"]

1. d4 d5 2. e3 e5 3. c3 Nc6 4. Bd3 Nf6 5. f4 exf4 6. exf4 Ng4 7. Ne2 Qh4+ 8. g3
Qh3 9. Rf1 Bd6 10. Qc2 Nxh2 11. Ng1 Qxg3+ 12. Qf2 Qh3 13. Nxh3 Nxf1 14. Bxf1 Be7
15. Bb5 Bxh3 16. Bxc6+ bxc6 17. Qe3 Bf5 18. Nd2 Kf8 19. Nf3 Re8 20. Ne5 f6 21.
Kd1 fxe5 22. Qxe5 Bg4+ 23. Kc2 Kf7 24. Qxc7 h5 25. Qxc6 Bf5+ 26. Kd2 Rh6 27.
Qxd5+ Re6 28. Qxf5+ Rf6 29. Qxh5+ g6 30. Qf3 Bd6 31. Kc2 Rfe6 32. Qd5 Kg7 33.
Bd2 Rf6 34. Rf1 Bxf4 35. Bxf4 Re2+ 36. Kb3 g5 37. Qxg5+ Kf7 38. Rh1 Rb6+ 39. Kc4
Rc6+ 40. Kd5 Rce6 41. Rh6 Ke8 42. Rxe6+ Rxe6 43. Kxe6 a5 44. Qg8# 1-0

[Event "AUTO-INT-3911"]
[Site "http://www.queenalice.com/game.php?id=1850772"]
[Date "2025.1.22"]
[Round "1"]
[White "SamuraiJOM"]
[Black "jcmulatinho"]
[Result "0-1"]
[WhiteElo "1729"]
[BlackElo "1599"]

1. e4 b6 2. d4 Bb7 3. Nc3 e6 4. Bc4 Bb4 5. a3 Bxc3+ 6. bxc3 Bxe4 7. Nf3 Nf6 8.
O-O O-O 9. h3 Nd5 10. Bxd5 Bxd5 11. Bf4 h6 12. Qd3 d6 13. c4 Bb7 14. Rfe1 Re8
15. d5 e5 16. Bg3 Nd7 17. a4 Nf6 18. Nd2 c6 19. c3 cxd5 20. cxd5 Bxd5 21. c4 e4
22. Qd4 Bc6 23. Bf4 Nh5 24. Be3 Qf6 25. Qxf6 Nxf6 26. Bd4 Rad8 27. Re3 Nh5 28.
g3 d5 29. cxd5 Rxd5 30. Nc4 Rxd4 31. Ne5 Rxe5 32. h4 Red5 33. Ree1 Bxa4 34. Rec1
Rd1+ 35. Rxd1 Rxd1+ 36. Rxd1 Bxd1 37. g4 Bxg4 0-1

[Event "AUTO-INT-3911"]
[Site "http://www.queenalice.com/game.php?id=1850773"]
[Date "2025.1.22"]
[Round "1"]
[White "jcmulatinho"]
[Black "SamuraiJOM"]
[Result "1-0"]
[WhiteElo "1505"]
[BlackElo "1676"]

1. d4 d5 2. e3 Nf6 3. Bd3 Nc6 4. f4 Bg4 5. Nf3 e6 6. O-O Bd6 7. Nbd2 Qd7 8. Qe1
O-O 9. Ne5 Nxe5 10. fxe5 Qe7 11. exf6 Bxh2+ 12. Kxh2 Qd6+ 13. Kg1 g6 14. Nf3 Bh5
15. a3 Qd8 16. Qh4 b6 17. Bd2 Qd6 18. Bb4 c5 19. Be1 a5 20. Qg5 c4 21. Qh6 1-0

[Event "AUTO-INT-3911"]
[Site "http://www.queenalice.com/game.php?id=1850784"]
[Date "2025.1.22"]
[Round "1"]
[White "jcmulatinho"]
[Black "renet54"]
[Result "1-0"]
[WhiteElo "1487"]
[BlackElo "1547"]

1. d4 d5 2. e3 Nf6 3. Bd3 Bg4 4. Nf3 Nc6 5. Nbd2 e5 6. dxe5 Nxe5 7. O-O Bd6 8.
Qe1 Nxf3+ 9. Nxf3 O-O 10. a3 Bxf3 11. gxf3 Qd7 12. e4 dxe4 13. fxe4 Qg4+ 14. Kh1
Qh3 15. e5 Ng4 16. Bf4 g5 17. Bf5 gxf4 18. Bxg4 Qxg4 19. Rg1 Qxg1+ 20. Qxg1+ Kh8
21. exd6 cxd6 22. Qg5 f3 23. Qf6+ 1-0

[Event "AUTO-INT-3911"]
[Site "http://www.queenalice.com/game.php?id=1850785"]
[Date "2025.1.22"]
[Round "1"]
[White "renet54"]
[Black "jcmulatinho"]
[Result "0-1"]
[WhiteElo "1567"]
[BlackElo "1467"]

1. e4 b6 2. Nc3 Bb7 3. d3 e6 4. Nf3 Nf6 5. Bg5 h6 6. Be3 Bb4 7. Bd2 Bxc3 8. Bxc3
O-O 9. e5 Nd5 10. d4 Nxc3 11. bxc3 d6 12. exd6 cxd6 13. Bd3 Qc8 14. Qd2 Re8 15.
O-O e5 16. dxe5 dxe5 17. Rfe1 e4 18. Bc4 exf3 19. Rxe8+ Qxe8 20. g3 Qc8 21. Qf4
Na6 22. Qxf7+ Kh8 23. Bd3 Qh3 24. Qg6 Qg2# 0-1

[Event "Let's Play Chess!"]
[Site "http://www.queenalice.com/game.php?id=1851992"]
[Date "2025.2.12"]
[Round "-"]
[White "Charles56"]
[Black "jcmulatinho"]
[Result "0-1"]
[WhiteElo "1893"]
[BlackElo "1570"]

1. e4 b6 2. d4 Bb7 3. d5 Nf6 4. Nc3 c6 5. dxc6 Bxc6 6. e5 Ne4 7. Nxe4 Bxe4 8. f3
Bb7 9. Bb5 e6 10. a3 Be7 11. g3 O-O 12. h4 h6 13. Be3 a6 14. Be2 Qc7 15. Bf4 Nc6
16. g4 b5 17. Qd2 Qa5 18. g5 Qxd2+ 19. Kxd2 hxg5 20. hxg5 Rac8 21. Bd3 Nd4 22.
Bh7+ Kh8 23. Be4+ Kg8 24. Bxb7 Rxc2+ 25. Kd3 Bc5 26. Be3 Rc4 27. Ne2 Nb3 28.
Bxc5 Nxc5+ 29. Ke3 Nxb7 30. Rh3 Rd8 31. Rah1 Kf8 32. b3 Rcc8 33. b4 Ke7 34. f4
g6 35. Rh7 d6 36. exd6+ Nxd6 37. Nd4 Nc4+ 38. Ke4 Nxa3 39. R1h6 Rc4 40. Rxg6
Rdxd4+ 41. Ke3 Re4+ 42. Kf3 Rxf4+ 43. Ke3 Nc2+ 44. Kd3 Rf3+ 45. Kd2 Nd4 46. Rgg7
Rc2+ 47. Ke1 Re2+ 0-1

[Event "Let's Play Chess!"]
[Site "http://www.queenalice.com/game.php?id=1851993"]
[Date "2025.2.12"]
[Round "-"]
[White "jcmulatinho"]
[Black "Charles56"]
[Result "1-0"]
[WhiteElo "1540"]
[BlackElo "1923"]

1. d4 d5 2. e3 a6 3. Bd3 Nc6 4. f4 e6 5. c3 Nh6 6. Nf3 Bd6 7. O-O f5 8. Ne5 g6
9. Qf3 Bxe5 10. fxe5 Qe7 11. Qh3 Nf7 12. Bd2 h6 13. Be1 Ng5 14. Qg3 Qf7 15. h4
Ne4 16. Bxe4 dxe4 17. Qf2 g5 18. g4 gxh4 19. Qxh4 h5 20. gxf5 exf5 21. Nd2 Qg6+
22. Qg3 Rg8 23. Kh2 Bd7 24. Qf2 O-O-O 25. Qg3 Ne7 26. Qxg6 Rxg6 27. Bh4 Re8 28.
Bxe7 Rxe7 29. Rg1 Reg7 30. d5 c6 31. e6 cxd5 32. exd7+ Kxd7 33. Rxg6 Rxg6 34.
Rf1 Rg5 35. Nb3 Kd6 36. Nd4 Ke5 37. a4 h4 38. a5 Rg3 39. Rxf5+ Kd6 40. Rf6+ Ke7
41. Rh6 Rxe3 42. Nf5+ 1-0

[Event "AUTO-INT-3911"]
[Site "http://www.queenalice.com/game.php?id=1856542"]
[Date "2025.5.1"]
[Round "2"]
[White "jcmulatinho"]
[Black "thierry901"]
[Result "1-0"]
[WhiteElo "1620"]
[BlackElo "1595"]

1. d4 Nf6 2. e3 d5 3. Bd3 Nc6 4. f4 e6 5. c3 Bd6 6. Nd2 Ne7 7. Ngf3 c5 8. O-O
Nf5 9. Ne5 Nxe3 10. Qf3 Nxf1 11. Qxf1 cxd4 12. cxd4 Bxe5 13. fxe5 Qb6 14. exf6
gxf6 15. Qxf6 Rg8 16. b3 Rg6 17. Bxg6 hxg6 18. Ba3 Qc7 19. Nf3 b6 20. Ne5 Ba6
21. Qh8# 1-0

[Event "AUTO-INT-3911"]
[Site "http://www.queenalice.com/game.php?id=1856543"]
[Date "2025.5.1"]
[Round "2"]
[White "thierry901"]
[Black "jcmulatinho"]
[Result "0-1"]
[WhiteElo "1580"]
[BlackElo "1635"]

1. e4 b6 2. d4 Bb7 3. Nc3 e6 4. Nf3 Bb4 5. Bd2 Bxc3 6. Bxc3 Bxe4 7. Ng5 Bb7 8.
f3 Nf6 9. Bd3 g6 10. Qe2 a5 11. O-O-O Na6 12. Bxa6 Bxa6 13. Qe3 Nd5 14. Qe5 O-O
15. Ne4 d6 16. Qg3 f6 17. Qh4 Ne3 18. Rdg1 d5 19. Ng3 c5 20. dxc5 bxc5 21. Re1
Nxg2 22. Qh6 Nxe1 23. Nh5 Rf7 24. Rxe1 gxh5 25. Rxe6 d4 26. Bd2 Bc8 27. Rc6 Bf5
28. Qxh5 Qd5 29. Rxf6 Rxf6 30. Qg5+ Rg6 31. Qe7 Rg1+ 32. Be1 Qc4 33. b3 Qf1 34.
Kd2 Qxe1+ 35. Qxe1 Rxe1 36. Kxe1 Bxc2 37. Kd2 Bg6 0-1

[Event "AUTO-INT-3911"]
[Site "http://www.queenalice.com/game.php?id=1856544"]
[Date "2025.5.1"]
[Round "2"]
[White "jcmulatinho"]
[Black "Carlos19"]
[Result "1-0"]
[WhiteElo "1663"]
[BlackElo "1577"]

1. d4 e6 2. e3 Nf6 3. Bd3 Nc6 4. f4 d5 5. c3 a6 6. Nd2 h6 7. Ngf3 Bd6 8. O-O O-O
9. Ne5 Bxe5 10. fxe5 Nd7 11. Rf3 b5 12. Rh3 Na7 13. Qg4 Qg5 14. Qxg5 hxg5 15.
Bh7+ Kh8 16. g4 g6 17. Bxg6+ Kg7 18. Bc2 c6 19. Nf3 Rh8 20. Rxh8 Kxh8 21. Nxg5
Kg7 22. Bd2 c5 23. Rf1 Nf8 24. Rxf7+ Kg8 25. Bh7+ Nxh7 26. Rxh7 cxd4 27. cxd4
Nc6 28. Rc7 Na7 29. Nh7 Kh8 30. Nf6 b4 31. Rh7# 1-0

[Event "AUTO-INT-3911"]
[Site "http://www.queenalice.com/game.php?id=1856545"]
[Date "2025.5.1"]
[Round "2"]
[White "Carlos19"]
[Black "jcmulatinho"]
[Result "0-1"]
[WhiteElo "1591"]
[BlackElo "1649"]

1. e4 b6 2. Bc4 Bb7 3. Nc3 e6 4. Nf3 Bb4 5. a3 Bxc3 6. dxc3 Bxe4 7. O-O Nf6 8.
Bg5 Bb7 9. Re1 O-O 10. b4 a6 11. a4 a5 12. b5 h6 13. Bxf6 Qxf6 14. h3 Qf4 15.
Be2 Qf6 16. Ra3 Qe7 17. Qa1 d6 18. c4 e5 19. Nh2 f5 20. f3 Nd7 21. Bd1 Qh4 22.
Be2 Rf6 23. Rf1 Rg6 24. Rf2 Nc5 25. g4 Rf8 26. f4 Ne4 27. Rg2 fxg4 28. Bxg4 Rxf4
29. Rf3 Rgxg4 30. Rxg4 Rxg4+ 31. Kh1 Nf2# 0-1

[Event "AUTO-INT-3911"]
[Site "http://www.queenalice.com/game.php?id=1856546"]
[Date "2025.5.1"]
[Round "2"]
[White "jcmulatinho"]
[Black "caradepau"]
[Result "1-0"]
[WhiteElo "1676"]
[BlackElo "1620"]

1. d4 d5 2. e3 Bf5 3. f4 a6 4. Bd3 Bxd3 5. Qxd3 e6 6. Nf3 h6 7. O-O Nf6 8. Nbd2
Bd6 9. Ne5 Bxe5 10. fxe5 Nfd7 11. Qb3 b5 12. Qd3 Nc6 13. a3 Ne7 14. Qe2 Ng6 15.
Qf3 O-O 16. Qe2 c5 17. Rf3 cxd4 18. exd4 Qb6 19. c3 a5 20. Kh1 b4 21. Rg3 bxc3
22. bxc3 Qc6 23. Qg4 a4 24. h4 Qxc3 25. Rxc3 Ne7 26. Rc7 Rad8 27. Nf3 f5 28. Qg3
Rf7 29. Bxh6 g6 30. Ng5 Nb6 31. Nxf7 Kxf7 32. Qg5 Re8 33. Qf6+ Kg8 34. Qg7# 1-0

[Event "AUTO-INT-3911"]
[Site "http://www.queenalice.com/game.php?id=1856547"]
[Date "2025.5.1"]
[Round "2"]
[White "caradepau"]
[Black "jcmulatinho"]
[Result "0-1"]
[WhiteElo "1606"]
[BlackElo "1690"]

1. e4 b6 2. Bc4 Bb7 3. d3 f5 4. Nc3 e6 5. a3 Ba6 6. Bxa6 Nxa6 7. Qe2 Be7 8. b4
Bf6 9. Bd2 c6 10. d4 b5 11. exf5 Ne7 12. fxe6 Bxd4 13. exd7+ Qxd7 14. Nf3 Bf6
15. O-O O-O 16. h3 h6 17. Rac1 Bxc3 18. Bxc3 Nc7 19. Qe5 Ned5 20. Nd4 Nxc3 21.
Rfe1 Rae8 22. Qc5 N7d5 23. Rxe8 Qxe8 24. Nxc6 Ne2+ 25. Kh2 Nxc1 26. Qxd5+ Kh8
27. Nxa7 Qb8+ 28. Kg1 Qxa7 29. Qxb5 Qxf2+ 30. Kh2 Ne2 31. c4 Qg1# 0-1